Frei Otto, Artengo Menis Pastrana : Florencia 1996.

Bibliographic Details
Corporate Authors: Artengo-Menis-Pastrana (Firm), Accademia delle arti del disegno (Florence, Italy)
Format: Book
Language:Italian
English
Language Notes:Italian and English.
Published: Firenze : Accademia delle arti del disegno, 1996.
Subjects:

MARC

Tag First Indicator Second Indicator Subfields
LEADER 00000cam a2200000 a 4500
001 in00001386607
005 20151020050905.0
008 970915s1996 it ae bc 000 0dita d
020 |a 8460551199 
035 |a (OCoLC)37624672 
035 |9 AHL6480AM 
040 |a CLU  |c CLU  |d TXA  |d UtOrBLW 
041 0 |a ita  |a eng 
043 |a lnca--- 
049 |a TXAM 
090 |a NA1313.A78  |b A4 1996 
092 0 |a 720.96490904  |b F881  |2 21 
245 0 0 |a Frei Otto, Artengo Menis Pastrana :  |b Florencia 1996. 
264 1 |a Firenze :  |b Accademia delle arti del disegno,  |c 1996. 
300 |a 179 pages :  |b illustrations (some color), plans ;  |c 26 cm. 
336 |a text  |b txt  |2 rdacontent 
337 |a unmediated  |b n  |2 rdamedia 
338 |a volume  |b nc  |2 rdacarrier 
500 |a Catalog of an exhibition held at the Accademia delle arti del disegno, Florence, May 13-28, 1996. 
546 |a Italian and English. 
504 |a Includes bibliographical references. 
500 |a Title on cover has Firenze 1996. 
610 2 0 |a Artengo-Menis-Pastrana (Firm)  |v Exhibitions. 
650 0 |a Architecture  |z Canary Islands  |y 20th century  |v Exhibitions. 
600 1 0 |a Otto, Frei,  |d 1925-2015  |x Influence. 
710 2 |a Artengo-Menis-Pastrana (Firm) 
710 2 |a Accademia delle arti del disegno (Florence, Italy) 
999 |a MARS 
999 f f |s bdb993b1-8add-31c8-b479-f5e61f397368  |i 8e5158f2-682f-38f1-b302-b57a782965bc  |t 0 
952 f f |p ric  |a Texas A&M University  |b Rellis Campus  |c Joint Library Facility  |d Remote Storage  |t 0  |e NA1313.A78 A4 1996  |h Library of Congress classification  |i unmediated -- volume  |m A14821553984 
998 f f |a NA1313.A78 A4 1996  |t 0  |l Remote Storage